Statystyki dla Quiz o Ukrainie

Kliknij tutaj aby rozwiązać quiz!

Ogólne statystyki

  • Ten quiz został rozwiązany 29 razy
  • Średni wynik to 14 z 19

Statystyki odpowiedzi

WskazówkaOdpowiedzi% Poprawnych
Państwa granicząceBiałoruś
100%
Państwa graniczącePolska
100%
Państwa granicząceRosja
100%
JęzykUkraiński
100%
StolicaKijów
96%
Państwa granicząceMołdawia
92%
Morze nad którym leżyMorze Czarne
92%
Państwa granicząceRumunia
92%
Państwa granicząceSłowacja
88%
Rok powstania1991
81%
Religia dominującąPrawosławie
81%
Państwa granicząceWęgry
81%
Największa rzekaDniepr
77%
WalutaHrywna
73%
Morze nad którym leżyMorze Azowskie
65%
Podział administracyjnyObwód
62%
Podział sił zbrojnychMarynarka Wojenna
27%
Podział sił zbrojnychSiły Powietrzne
15%
Podział sił zbrojnychWojska lądowe
15%

Rozkład punktacji

Percentyl według liczby udzielonych odpowiedzi

Procent ludzi z każdym wynikiem

Twoja historia wyników

Nie rozwiązałeś tego quizu